| 000 | 00441nam a2200169Ia 4500 | ||
|---|---|---|---|
| 001 | 35879 | ||
| 008 | 140421s9999 xx 000 0 und d | ||
| 020 | _a0195664760 | ||
| 040 | _cPK-LaUMT | ||
| 082 |
_a 954.0312 _bKAR-D |
||
| 100 | _aKarnad, Girish | ||
| 245 | 4 |
_aThe dreams of Tipu Sultan Bali _bthe sacrifice _cKarnad, Girish |
|
| 260 |
_aOxford,USA: _bOxford University Press, _c2005 |
||
| 300 | _a125 p. | ||
| 546 | _aEN | ||
| 942 | _cBK | ||
| 999 |
_c35394 _d35394 |
||